000 00765nab a2200241 u 4500
001 15804
003 HDC
007 cr bn ---aaaaa
008 210219c mydr|noo 0 a may d
040 _aHDC
245 0 _aProduk halal perlu patuh piawaian antarabangsa
260 _aMalaysia :
_bUtusan Malaysia,
_c2004
336 _atext
_2rdacontent
337 _acomputer
_2rdamedia
338 _aonline resource
_2rdacarrier
650 _ahalal food
_950
650 _ahalal industry
_9144
710 _aUtusan Malaysia
856 _zRequest full-text at [email protected]
942 _2lcc
942 _cNEWS
942 _kNSWO 008330
999 _c13120
_d13120